000 01899nam a2200313 i 4500
001 193542
003 ES-MaACL
005 20250708202616.0
007 ta
008 240105s2022 sp ||||| |||| 00| 0 spa d
020 _a9788419391001
040 _aES-MaACL
_cES-MaACL
080 _2821.134.2-31.09"20"
100 _aPeralta, Luna
_9234845
_eaut
245 1 0 _aDiosa de las batallas nocturnas /
_cLuna Peralta.
250 _aPrimera edición: 2022
264 _a[Lugar no identificado] :
_bUniverso de las Letras
_c2022
300 _a267 páginas ;
_c23 cm
500 _aExiste otro mundo aparte del tangible en el que se mueve la realidad que está en la dimensión de los sueños, donde las batallas transcurren de otro modo. Allí Ana es la reina de la imaginación, una ama de casa con dos niños, ocupada en realizar su doctorado acerca de problemas médicos derivados de la diabetes y el cáncer. Ella lucha con moléculas oncogénicas de día y con las peores mezquindades humanas en la noche y los momentos de inconciencia. Lo peor de la raza humana se halla en esos días en las personas influyentes de la política que pretenden huir del planeta ante un posible cataclismo final. ¿Podrá Ana salvar el mundo usando solo su imaginación?
650 4 _aNovela española
_yS.XXI
_915637
852 _aEs-MaACL
_bR.154898
_cDEPOJ
_jN-9670
_hDonación: Luna Peralta
_xEncuadernación rústica con solapas
_9201164
_gDedicatoria autógrafa de la autora
_zIncluye marcapáginas con la fotografía de la cubierta
903 _9234845
_aPeralta, Luna
_ednr
942 _n0
_cMONOGRAFIA
999 _c193542
_d193542